MARC

LEADER 00000nam0a2200000 4500
001 19276
005 20231030191612.0
035 |a (RuTPU)RU\TPU\book\19437 
035 |a BOOK00000092 
090 |a 19276 
100 |a 20011209d1991 km y0rusy50 ca 
101 1 |a rus  |c eng 
102 |a lv 
105 |a y z 000zy 
200 1 |a Идиллия Белого Лотоса  |e пер. с англ.  |f М. Коллинз 
210 |a Рига  |d 1991  |c [Б. и.] 
215 |a 127 с. 
610 1 |a теософия 
610 1 |a эзотерическое христианство 
610 1 |a философия религиозная 
610 1 |a Восток 
610 1 |a Индия 
610 1 |a космизм 
686 |a Э441  |v LBC/SL-A  |2 rubbk 
700 1 |a Коллинз  |b М.  |g Мейбл 
801 0 |a RU  |b 63413507  |c 20011209  |g PSBO 
801 2 |a RU  |b 63413507  |c 20170529  |g PSBO 
942 |c BK